000 00769nam a22002417a 4500
003 UA-OsUOA
001 23207
007 ta
008 20040114b un ||||| |||| 00| 0 ukr d
090 _a261.4
_bР36
942 _cBK
040 _aUA-OsUOA
_bukr
_cUA-OsUOA
_dUA-OsUOA
245 _aРелігійна свобода: гуманізм і демократизм законодавчих ініціатив в сфері свободи совісті(міжнародний конспект)
_bНауковий щорічник
_cРед. А.Колодний О.Саган
300 _a111 с.
955 _a0
041 _aukr
080 _a261.4
020 _a966-7742-00-8
260 _aКиїв
_c2000
044 _aUA
650 7 _2UDC
999 _c309451
_d309451